Normal view
MARC view
- Cooper, James Fenimore,
Entry Personal Name
001 - CONTROL NUMBER
- control field: 35195
003 - CONTROL NUMBER IDENTIFIER
- control field: OSt
005 - DATE AND TIME OF LATEST TRANSACTION
- control field: 20140213120850.0
008 - FIXED-LENGTH DATA ELEMENTS
- fixed length control field: 140213|| aca||aabn | a|a d
040 ## - CATALOGING SOURCE
- Original cataloging agency: OSt
100 1# - HEADING--PERSONAL NAME
- Personal name: Cooper, James Fenimore,
- Dates associated with a name: 1789-1851
400 1# - SEE FROM TRACING--PERSONAL NAME
- Personal name: American,
- Dates associated with a name: 1789-1851
400 0# - SEE FROM TRACING--PERSONAL NAME
- Personal name: Author of the Pioneers,
- Dates associated with a name: 1789-1851
400 1# - SEE FROM TRACING--PERSONAL NAME
- Personal name: Cooper, Fenimore,
- Dates associated with a name: 1789-1851
400 1# - SEE FROM TRACING--PERSONAL NAME
- Personal name: Cooper, J. Fenimore
- Fuller form of name: (James Fenimore),
- Dates associated with a name: 1789-1851
400 1# - SEE FROM TRACING--PERSONAL NAME
- Personal name: Kuper, Fenimor,
- Dates associated with a name: 1789-1851
400 1# - SEE FROM TRACING--PERSONAL NAME
- Personal name: Morgan, Jane,
- Dates associated with a name: 1789-1851
400 1# - SEE FROM TRACING--PERSONAL NAME
- Personal name: Pioneers, Author of the,
- Dates associated with a name: 1789-1851
400 0# - SEE FROM TRACING--PERSONAL NAME
- Personal name: Honorary member of the U.S. Naval Lyceum,
- Dates associated with a name: 1789-1851